00988nam a2200277Ia 450000500170000000800410001702000190005808200160007724500930009325000190018630000510020549000380025665000620029465000440035670000210040070000250042170000260044670000300047270000190050270000350052126400310055633600270058733700330061433800280064704000350067520220317001114.0160825s1995 ck a g 000 0 spa  a9789582002401204a374.1 bO7313aLa organización local de la educación de adultoscPaolo Federighi ... [y otros seis] a1a. edición  a239 páginas bilustraciones, tablas c21 cm  aBiblioteca educación de adultos142LEMB aEducación de adultos xLegislación zEspaña 142LEMB aPolítica educativa zEspaña 1 aFederighi, Paola1 aObrador Soler, Jaume1 aPons Munar, Francisca1 aAlcázar Franco. Maribel1 aCirri, Doriano1 aGil Rovira, Manueletraductor  aBogotábMagisterioc1995 atextobtxt2rdacontent asin mediaciónbn2rdamedia avolumenbnc2rdacarrier aCO-BoRNBPbspaerdacCO-BoRNBP